Startupy v gastronómii
Startup začína v posledných rokoch rezonovať a stáva sa synonymom inovácie, kreativity a úspechu. Vznikajú formálne, ale aj neformálne združenia, investičné zoskupenia, komunitné centrá, aby podporili akýkoľvek nápad, v ktorom vidia potenciál. Pohľad na možnosti a technológie, ktoré v posledných m...
Saved in:
| Main Author: | |
|---|---|
| Format: | Book Chapter |
| Language: | Slovak |
| Subjects: | |
| Tags: |
No Tags, Be the first to tag this record!
|
MARC
| LEADER | 00000nla a2200000 4500 | ||
|---|---|---|---|
| 001 | 0200407 | ||
| 005 | 20240502083509.3 | ||
| 041 | 0 | |a slo | |
| 044 | |a CZ | ||
| 245 | 1 | 0 | |a Startupy v gastronómii |c Richard Bednár |
| 520 | |a Startup začína v posledných rokoch rezonovať a stáva sa synonymom inovácie, kreativity a úspechu. Vznikajú formálne, ale aj neformálne združenia, investičné zoskupenia, komunitné centrá, aby podporili akýkoľvek nápad, v ktorom vidia potenciál. Pohľad na možnosti a technológie, ktoré v posledných mesiacoch rezonujú v gastronomických službách. | ||
| 610 | 2 | 0 | |a hotelierstvo |
| 610 | 2 | 0 | |a gastronómia |
| 610 | 2 | 0 | |a zariadenia stravovacie |
| 610 | 2 | 0 | |a zariadenia ubytovacie |
| 610 | 2 | 0 | |a technológie nové |
| 610 | 2 | 0 | |a start-up |
| 610 | 2 | 0 | |a marketing |
| 100 | 1 | |a Bednár, Richard, 1985- | |